Las Luchas sociales en Costa Rica: 1870-1930 /
Gespeichert in:
| 1. Verfasser: | |
|---|---|
| Format: | Text |
| Sprache: | Spanish |
| Veröffentlicht: |
San José:
Editorial Costa Rica. EUCR ;
1981.
|
| Ausgabe: | 2 |
| Schlagworte: | |
| Tags: |
Tag hinzufügen
Keine Tags, Fügen Sie den ersten Tag hinzu!
|
MARC
| LEADER | 00000 a a2200000 04500 | ||
|---|---|---|---|
| 001 | 25928 | ||
| 003 | cru CIDCACS/IIS | ||
| 005 | 20230620160959.0 | ||
| 008 | 230620s1981 cr|||||| |||| 00| 0 spa d | ||
| 020 | |a [sin ISBN] | ||
| 040 | |a Centro de Recursos para el Aprendizaje y la Investigación |c cru CIDCACS/IIS | ||
| 090 | |a 05.03.07 D332 l | ||
| 100 | |a Cruz de Lemos, Vladimir de la | ||
| 245 | |a Las Luchas sociales en Costa Rica: |b 1870-1930 / |c Vladimir de la Cruz | ||
| 250 | |a 2 | ||
| 260 | |a San José: |b Editorial Costa Rica. EUCR ; |c 1981. | ||
| 300 | |a 304 páginas | ||
| 500 | |a Colección Centroamérica | ||
| 650 | 0 | 0 | |9 3 |a MOVIMIENTOS SOCIALES |
| 650 | 0 | 0 | |9 4 |a MOVIMIENTOS OBREROS |
| 852 | 1 | 1 | |a 05.03.07 D332 l |
| 942 | |2 ddc |c LI |h 05.03.07 D332 l |k 05.03.07 |m D332 l |6 050307_D332_L | ||
| 999 | |c 15456 |d 15456 | ||
